000 00529nam a22001937a 4500
003 OSt
005 20140310181737.0
008 130320t xxu||||| |||| 00| 0 eng d
020 _a9781597896511
050 _aBS 612
_b.B582 2006
082 _aTR 220
_bB48 2006
245 _aThe 365 day Bible trivia challenge
_c[compiled by JoAnne Simmons]
260 _aUlrichsville, Ohio :
_bBarbour Publishing,
_cc2006.
300 _a366 p.
_c21 cm.
521 _aFaculty
541 _j1
562 _e1
942 _2lcc
_cBK-TR
_kTR
999 _c2640
_d2640